[Event "AUT-chT2M 2223"]
[Site "Austria"]
[Date "2022.10.23"]
[Round "6.4"]
[White "Enoeckl, Philipp"]
[Black "Heimberger, Reinhard"]
[Result "1-0"]
[WhiteElo "2292"]
[BlackElo "2228"]
[PlyCount "85"]
[EventDate "2022.09.30"]
[EventType "team-tourn"]
[EventRounds "11"]
[EventCountry "AUT"]
[SourceTitle "EXT 2024"]
[Source "ChessBase"]
[SourceDate "2023.10.10"]
[SourceVersion "1"]
[SourceVersionDate "2023.10.10"]
[SourceQuality "1"]
[WhiteTeam "Steyregg"]
[BlackTeam "St Valentin"]
[WhiteTeamCountry "AUT"]
[BlackTeamCountry "AUT"]

1. d4 d5 2. Bf4 Nf6 3. Nc3 c6 4. e3 g6 5. Be2 Bg7 6. h4 h6 7. Nf3 Bf5 8. Ne5 Nbd7 9. g4 Be6 10. f3 Nh7 11. Nd3 0-0 12. Qd2 f6 13. 0-0-0 Bf7 14. g5 fxg5 15. hxg5 h5 16. Bf1 Re8 17. Bh3 Nhf8 18. Qh2 Be6 19. Bxe6+ Nxe6 20. Ne2 Nxf4 21. Nexf4 Nf8 22. Ne5 Qd6 23. Nfd3 Nd7 24. f4 Rf8 25. Qh3 Rad8 26. Nxd7 Qxd7 27. Qxd7 Rxd7 28. Nc5 Rd6 29. Nxb7 Re6 30. Rd3 Rb8 31. Nc5 Rd6 32. Ra3 Kf7 33. Rxa7 Rdd8 34. a4 Ra8 35. Rc7 Rdc8 36. Rxc8 Rxc8 37. Kd2 e6 38. Ra1 Bf8 39. Nd7 Bd6 40. a5 Ra8 41. c3 Ra7 42. Ne5+ Bxe5 43. fxe5 1-0

[Event "AUT-chT2M 2223"]
[Site "Austria"]
[Date "2022.10.21"]
[Round "4.4"]
[White "Wisnet, Dominic"]
[Black "Heimberger, Reinhard"]
[Result "1/2-1/2"]
[WhiteElo "2312"]
[BlackElo "2228"]
[PlyCount "160"]
[EventDate "2022.09.30"]
[EventType "team-tourn"]
[EventRounds "11"]
[EventCountry "AUT"]
[SourceTitle "EXT 2024"]
[Source "ChessBase"]
[SourceDate "2023.10.10"]
[SourceVersion "1"]
[SourceVersionDate "2023.10.10"]
[SourceQuality "1"]
[WhiteTeam "Sauwald"]
[BlackTeam "St Valentin"]
[WhiteTeamCountry "AUT"]
[BlackTeamCountry "AUT"]

1. e4 c5 2. Nf3 d6 3. d4 cxd4 4. Nxd4 Nf6 5. Nc3 a6 6. Bg5 e6 7. Qe2 Be7 8. f4 h6 9. Bxf6 Bxf6 10. 0-0-0 Qa5 11. Qd2 0-0 12. Nb3 Qb4 13. a3 Bxc3 14. axb4 Bxd2+ 15. Rxd2 Nc6 16. b5 axb5 17. Rxd6 Na5 18. Nxa5 Rxa5 19. b4 Ra6 20. Rd4 e5 21. fxe5 Be6 22. Kd2 Ra1 23. g3 Rc8 24. Bg2 Ra2 25. Rc1 Bb3 26. Bf1 Raxc2+ 27. Rxc2 Rxc2+ 28. Ke3 Rxh2 29. Bxb5 Rh5 30. Rd7 Rxe5 31. Rxb7 f5 32. Bc6 fxe4 33. b5 Ba4 34. Ra7 Bxb5 35. Ra5 Rg5 36. Rxb5 Rxg3+ 37. Kxe4 Rg4+ 38. Kf3 Rg5 39. Bd5+ Kf8 40. Kf4 Ke7 41. Rb7+ Kd6 42. Be4 Ke6 43. Rb6+ Kf7 44. Bf5 Ke7 45. Ra6 Kf7 46. Be6+ Kf6 47. Bg8+ Ke7 48. Ra7+ Kd6 49. Bf7 Kc6 50. Bg6 Kd6 51. Bf5 Kc6 52. Ke4 Kb6 53. Rd7 Kc6 54. Rd1 Kc7 55. Be6 Kc6 56. Ra1 Kd6 57. Ra6+ Ke7 58. Bd5 Rg4+ 59. Ke5 Rg5+ 60. Kd4 Rg4+ 61. Kc5 Rg5 62. Ra7+ Kf6 63. Kd6 Kf5 64. Ra4 Rg6+ 65. Ke7 Ke5 66. Bf7 Rg5 67. Ra6 Kf4 68. Bg6 h5 69. Kf7 h4 70. Kxg7 h3 71. Kf6 Rxg6+ 72. Kxg6 h2 73. Ra1 Kg3 74. Kg5 Kg2 75. Ra2+ Kg3 76. Ra1 Kg2 77. Kg4 h1Q 78. Ra2+ Kf1 79. Ra1+ Kg2 80. Rxh1 Kxh1 1/2-1/2

[Event "Niederoesterreich Landesliga 1920"]
[Site "Austria"]
[Date "2020.02.23"]
[Round "7.4"]
[White "Heimberger, Reinhard"]
[Black "Benavente, Christian"]
[Result "1/2-1/2"]
[WhiteElo "2241"]
[BlackElo "1978"]
[PlyCount "69"]
[EventDate "2019.09.22"]
[EventType "team-tourn"]
[EventRounds "9"]
[EventCountry "AUT"]
[SourceTitle "CBM 195 Extra"]
[Source "ChessBase"]
[SourceDate "2020.05.31"]
[SourceVersion "1"]
[SourceVersionDate "2020.05.31"]
[SourceQuality "1"]
[WhiteTeam "Boehlerwerk"]
[BlackTeam "Bisamberg/Korneuburg"]
[WhiteTeamCountry "AUT"]
[BlackTeamCountry "AUT"]

1. d4 d5 2. Nf3 g6 3. g3 Nf6 4. Bg2 Bg7 5. 0-0 Ne4 6. c4 c6 7. Bf4 Qb6 8. Qc1 0-0 9. Nc3 Bf5 10. cxd5 Nxc3 11. Qxc3 cxd5 12. Be5 Rc8 13. Qa3 Rc2 14. Bxg7 Kxg7 15. Ne5 Nc6 16. Bxd5 Qxd4 17. Nxc6 bxc6 18. Bf3 e5 19. Qe7 e4 20. e3 Qf6 21. Qxf6+ Kxf6 22. Bg2 Rxb2 23. Rac1 Rc8 24. f3 exf3 25. Bxf3 Ke7 26. a4 c5 27. Bd5 Be6 28. Bg2 c4 29. Rfd1 c3 30. Be4 Re2 31. Rd3 f5 32. Bb7 Rc4 33. Rdxc3 Rxa4 34. Rc7+ Kf6 35. R7c6 1/2-1/2

[Event "AUT-chT2M 1920"]
[Site "Austria"]
[Date "2020.01.11"]
[Round "8.4"]
[White "Mazi, Leon"]
[Black "Heimberger, Reinhard"]
[Result "1-0"]
[WhiteElo "2326"]
[BlackElo "2238"]
[PlyCount "115"]
[EventDate "2019.10.11"]
[EventType "team-tourn"]
[EventRounds "11"]
[EventCountry "AUT"]
[SourceTitle "CBM 194 Extra"]
[Source "ChessBase"]
[SourceDate "2020.03.31"]
[SourceVersion "1"]
[SourceVersionDate "2020.03.31"]
[SourceQuality "1"]
[WhiteTeam "St Veit Aspernig II"]
[BlackTeam "St Valentin"]
[WhiteTeamCountry "AUT"]
[BlackTeamCountry "AUT"]

1. e4 c5 2. Nf3 d6 3. d4 cxd4 4. Qxd4 Nc6 5. Qe3 Nf6 6. h3 g6 7. Be2 Bg7 8. 0-0 0-0 9. Rd1 Qc7 10. c4 Na5 11. Na3 Be6 12. Bd2 a6 13. Rac1 Nc6 14. Bc3 Nd7 15. Bxg7 Kxg7 16. Nc2 f6 17. Ncd4 Bf7 18. a3 Nde5 19. c5 Nxf3+ 20. Nxf3 Rfd8 21. cxd6 Rxd6 22. Rxd6 Qxd6 23. Qb6 Qf4 24. Re1 Qb8 25. Rd1 Qa7 26. Qc7 Qb8 27. Rd7 Qxc7 28. Rxc7 Ra7 29. Nd2 Kf8 30. Nc4 Bxc4 31. Bxc4 Ke8 32. Be6 Nd8 33. Rc8 b5 34. f4 Rb7 35. f5 gxf5 36. exf5 Rb6 37. b4 Rd6 38. Ra8 Kf8 39. Bc8 Kg7 40. Bxa6 Nf7 41. Bxb5 Rd1+ 42. Kf2 Nd6 43. Be2 Rd2 44. g4 Kh6 45. h4 Kg7 46. a4 h5 47. gxh5 Nxf5 48. b5 Rb2 49. Ke1 Nd4 50. Bd1 Nf5 51. Rc8 e5 52. Rc7+ Kh6 53. Rf7 Nxh4 54. Rxf6+ Kg5 55. Rf2 Rb1 56. Kd2 Rb4 57. Kc3 Rd4 58. Rd2 1-0

[Event "AUT-chT2M 1920"]
[Site "Austria"]
[Date "2019.11.09"]
[Round "5.4"]
[White "Heimberger, Reinhard"]
[Black "Postlmayer, Jakob"]
[Result "0-1"]
[WhiteElo "2238"]
[BlackElo "2204"]
[PlyCount "128"]
[EventDate "2019.10.11"]
[EventType "team-tourn"]
[EventRounds "11"]
[EventCountry "AUT"]
[SourceTitle "CBM 192 Extra"]
[Source "Chessbase"]
[SourceDate "2019.11.06"]
[SourceVersion "1"]
[SourceVersionDate "2019.11.06"]
[SourceQuality "1"]
[WhiteTeam "St Valentin"]
[BlackTeam "Freistadt/Wartberg"]
[WhiteTeamCountry "AUT"]
[BlackTeamCountry "AUT"]

1. d4 d5 2. g3 c5 3. dxc5 e6 4. Bg2 Bxc5 5. Nf3 Nf6 6. 0-0 0-0 7. Bg5 h6 8. Bf4 Qb6 9. Be5 Ne4 10. Bd4 Nc6 11. Bxc5 Qxc5 12. Nbd2 Rd8 13. Nb3 Qb6 14. e3 e5 15. Qe2 Be6 16. Nfd2 Nxd2 17. Qxd2 d4 18. exd4 Nxd4 19. Nxd4 Rxd4 20. Qe3 Qxb2 21. Rab1 Qxa2 22. Rxb7 Bd5 23. Qxe5 Bxb7 24. Qxd4 Bxg2 25. Kxg2 Qxc2 26. Qd5 Rb8 27. Re1 Qc7 28. h4 Rd8 29. Qb5 Kf8 30. Ra1 Qb6 31. Qf5 Kg8 32. Re1 Qb4 33. Ra1 Qb7+ 34. Qf3 Qxf3+ 35. Kxf3 Rd7 36. Kg4 Kf8 37. h5 Ke7 38. Ra6 Kd8 39. f4 Kc8 40. Kf3 Kb7 41. Ra3 Kb6 42. g4 f6 43. Rb3+ Kc5 44. Rb8 a5 45. Ra8 Kb4 46. Rb8+ Ka3 47. Ke4 a4 48. Kf5 Ka2 49. Rb5 a3 50. g5 fxg5 51. fxg5 hxg5 52. Kxg5 Rd2 53. Kg6 Rg2+ 54. Kf7 Ka1 55. Kg8 a2 56. Kh7 Rb2 57. Rg5 Rb7 58. Rg1+ Kb2 59. Rg2+ Ka3 60. Rg1 Kb2 61. Rg2+ Kb3 62. Rg1 Rb5 63. Kg6 Kb2 64. Rg2+ Ka3 0-1

[Event "AUT-chT2M 1920"]
[Site "Austria"]
[Date "2019.10.13"]
[Round "3.4"]
[White "Schloffer, Jasmin Denise"]
[Black "Heimberger, Reinhard"]
[Result "0-1"]
[WhiteElo "2084"]
[BlackElo "2238"]
[PlyCount "82"]
[EventDate "2019.10.11"]
[EventType "team-tourn"]
[EventRounds "11"]
[EventCountry "AUT"]
[SourceTitle "CBM 192 Extra"]
[Source "Chessbase"]
[SourceDate "2019.11.06"]
[SourceVersion "1"]
[SourceVersionDate "2019.11.06"]
[SourceQuality "1"]
[WhiteTeam "Nettingsdorf/Traun"]
[BlackTeam "St Valentin"]
[WhiteTeamCountry "AUT"]
[BlackTeamCountry "AUT"]

1. d4 d5 2. c4 e6 3. Nc3 Nf6 4. cxd5 exd5 5. Bg5 c6 6. Qc2 Be7 7. e3 0-0 8. Bd3 Nbd7 9. Nf3 Re8 10. 0-0 Nf8 11. Rab1 a5 12. a3 Ng6 13. Rfc1 Ne4 14. Bxe7 Qxe7 15. Na4 Bf5 16. Nb6 Rad8 17. b4 axb4 18. axb4 Rd6 19. Na4 Nh4 20. Ne1 Rf6 21. g3 Nxf2 22. Bxf5 Rxf5 23. Ng2 Nh3+ 24. Kh1 Rf2 25. gxh4 Rxc2 26. Rxc2 Qe4 27. Rbc1 Qf3 28. b5 cxb5 29. Nb2 f6 30. Rc7 Nf2+ 31. Kg1 Ng4 32. Nd3 Nxe3 33. Nxe3 Qxe3+ 34. Nf2 Qxd4 35. Rxb7 Qxh4 36. Ra1 b4 37. Rb1 Re2 38. Rf1 h5 39. Rb5 Qg5+ 40. Kh1 Qf4 41. Kg1 h4 0-1

[Event "AUT-chT2M 1819"]
[Site "Austria"]
[Date "2019.03.03"]
[Round "11.3"]
[White "Heimberger, Reinhard"]
[Black "Supancic, Darko"]
[Result "1/2-1/2"]
[WhiteElo "2260"]
[BlackElo "2298"]
[PlyCount "62"]
[EventDate "2018.10.19"]
[EventType "team-tourn"]
[EventRounds "11"]
[EventCountry "AUT"]
[SourceTitle "CBM 189 Extra"]
[Source "ChessBase"]
[SourceDate "2019.06.03"]
[SourceVersion "1"]
[SourceVersionDate "2019.06.03"]
[SourceQuality "1"]
[WhiteTeam "St Valentin"]
[BlackTeam "Frauental"]
[WhiteTeamCountry "AUT"]
[BlackTeamCountry "AUT"]

1. d4 Nf6 2. g3 g6 3. Bg2 Bg7 4. e4 d6 5. Ne2 c5 6. 0-0 cxd4 7. Nxd4 0-0 8. b3 Nc6 9. Bb2 Bd7 10. c4 a6 11. Nc3 Rc8 12. Nc2 b5 13. cxb5 axb5 14. Nxb5 h5 15. Ne3 Ng4 16. Bxg7 Nxe3 17. Qd3 Nxg2 18. Bxf8 Ne5 19. Bxe7 Qxe7 20. Qxd6 Qg5 21. Kxg2 Bxb5 22. Rfe1 h4 23. Qd1 hxg3 24. hxg3 Rd8 25. Qc1 Rd2 26. Qc8+ Kg7 27. Qc3 Rd3 28. Qb2 Rd2 29. Qc3 Rd3 30. Qb2 Rd2 31. Qc3 Be2 1/2-1/2

[Event "AUT-chT2M 1819"]
[Site "Austria"]
[Date "2019.01.18"]
[Round "6.4"]
[White "Csonka, Attila Istvan"]
[Black "Heimberger, Reinhard"]
[Result "1-0"]
[WhiteElo "2364"]
[BlackElo "2241"]
[PlyCount "103"]
[EventDate "2018.10.19"]
[EventType "team-tourn"]
[EventRounds "11"]
[EventCountry "AUT"]
[SourceTitle "CBM 189 Extra"]
[Source "ChessBase"]
[SourceDate "2019.06.03"]
[SourceVersion "1"]
[SourceVersionDate "2019.06.03"]
[SourceQuality "1"]
[WhiteTeam "Fuerstenfeld/Hartberg"]
[BlackTeam "St Valentin"]
[WhiteTeamCountry "AUT"]
[BlackTeamCountry "AUT"]

1. e4 c5 2. Nf3 d6 3. d4 cxd4 4. Qxd4 Nc6 5. Bb5 Bd7 6. Qd3 g6 7. Nc3 Bg7 8. Bg5 h6 9. Bh4 Nb4 10. Bxd7+ Qxd7 11. Qd2 Rc8 12. 0-0 Nf6 13. a3 Nc6 14. Rad1 g5 15. Bg3 Nh5 16. Rfe1 Nxg3 17. hxg3 Ne5 18. Nxe5 Bxe5 19. Re3 Rc4 20. Nd5 Rd4 21. Rd3 Rxe4 22. f3 Rc4 23. b3 Rc5 24. f4 Bg7 25. Nxe7 Qxe7 26. Re1 Be5 27. b4 Rc6 28. fxe5 dxe5 29. Rxe5 Qxe5 30. Re3 f6 31. Rxe5+ fxe5 32. Qd5 Rf8 33. b5 Rb6 34. c4 Rf7 35. Qxe5+ Re7 36. Qb8+ Kf7 37. Qxa7 Rf6 38. g4 b6 39. Qa8 Rf4 40. Qc6 Re6 41. Qc7+ Kg6 42. c5 bxc5 43. b6 Rf7 44. Qxc5 h5 45. gxh5+ Kxh5 46. a4 Re1+ 47. Kh2 Rf4 48. Qb5 Rff1 49. b7 Kh4 50. Qb4+ g4 51. g3+ Kh5 52. Qxe1 1-0

[Event "Niederoesterreich Landesliga 1819"]
[Site "Austria"]
[Date "2018.10.28"]
[Round "3.3"]
[White "Heimberger, Reinhard"]
[Black "Woeber, Friedrich"]
[Result "1-0"]
[WhiteElo "2260"]
[BlackElo "2134"]
[PlyCount "67"]
[EventDate "2018.09.30"]
[EventType "team-tourn"]
[EventRounds "11"]
[EventCountry "AUT"]
[SourceTitle "CBM 189 Extra"]
[Source "ChessBase"]
[SourceDate "2019.06.03"]
[SourceVersion "1"]
[SourceVersionDate "2019.06.03"]
[SourceQuality "1"]
[WhiteTeam "Boehlerwerk"]
[BlackTeam "Krems Voest"]
[WhiteTeamCountry "AUT"]
[BlackTeamCountry "AUT"]

1. g3 d5 2. d4 Nf6 3. Bg2 c6 4. Nf3 g6 5. 0-0 Bg7 6. b3 0-0 7. Bb2 a5 8. c4 Ne4 9. Nbd2 Bf5 10. Nh4 Nxd2 11. Qxd2 Be6 12. Rac1 Qb6 13. Nf3 dxc4 14. bxc4 Qb4 15. a3 Qxd2 16. Nxd2 Rd8 17. Nb3 Na6 18. Nxa5 Nc5 19. Bc3 Bxd4 20. Bb4 Bb2 21. Rc2 Bxa3 22. Bxc5 Rxa5 23. Bb6 Raa8 24. Bxd8 Rxd8 25. c5 Rd4 26. Ra1 Kg7 27. Bf3 Bb4 28. e3 Rd7 29. Rb1 Ba5 30. Rcb2 Bd5 31. e4 Bc4 32. Rxb7 Rxb7 33. Rxb7 e5 34. Bd1 1-0

[Event "AUT-chT2M 1718"]
[Site "Austria"]
[Date "2018.02.09"]
[Round "7.4"]
[White "Mahdy, Khaled"]
[Black "Heimberger, Reinhard"]
[Result "1-0"]
[WhiteElo "2396"]
[BlackElo "2253"]
[PlyCount "83"]
[EventDate "2017.10.27"]
[EventType "team-tourn"]
[EventRounds "11"]
[EventCountry "AUT"]
[SourceTitle "EXT 2019"]
[Source "ChessBase"]
[SourceDate "2018.10.10"]
[SourceVersion "1"]
[SourceVersionDate "2018.10.10"]
[SourceQuality "1"]
[WhiteTeam "Pinggau Friedberg"]
[BlackTeam "St Valentin"]
[WhiteTeamCountry "AUT"]
[BlackTeamCountry "AUT"]

1. e4 c5 2. Nf3 d6 3. c3 Nf6 4. Be2 Nc6 5. d3 g6 6. 0-0 Bg7 7. d4 0-0 8. d5 Ne5 9. Nfd2 a6 10. a4 Bd7 11. c4 g5 12. Nc3 Ng6 13. Nf3 h6 14. Ne1 Qc8 15. Nd3 Ng4 16. Bxg4 Bxg4 17. f3 Bd4+ 18. Kh1 Bd7 19. f4 Bg4 20. Qe1 f6 21. a5 Qe8 22. Ne2 Bxe2 23. Qxe2 Kg7 24. Ra3 Rc8 25. Be3 Bxe3 26. Qxe3 Nh8 27. Qh3 e5 28. dxe6 Qc6 29. Qf3 f5 30. exf5 Rxf5 31. Rb3 Rc7 32. g4 Rf6 33. f5 Ng6 34. Rb6 Qxf3+ 35. Rxf3 h5 36. Re3 Ne7 37. Rxd6 hxg4 38. Rd7 Rxd7 39. exd7 Nc6 40. Re7+ Nxe7 41. d8Q Nxf5 42. Ne5 1-0

[Event "AUT-chT 1617"]
[Site "Austria"]
[Date "2017.03.23"]
[Round "5.5"]
[White "Heimberger, Reinhard"]
[Black "Predojevic, Borki"]
[Result "0-1"]
[WhiteElo "2262"]
[BlackElo "2640"]
[PlyCount "146"]
[EventDate "2016.10.20"]
[EventType "team-tourn"]
[EventRounds "11"]
[EventCountry "AUT"]
[SourceTitle "CBM 177 Extra"]
[Source "ChessBase"]
[SourceDate "2017.04.27"]
[SourceVersion "1"]
[SourceVersionDate "2017.04.27"]
[SourceQuality "1"]
[WhiteTeam "St Valentin"]
[BlackTeam "Maria Saal"]
[WhiteTeamCountry "AUT"]
[BlackTeamCountry "AUT"]

1. d4 Nf6 2. Nf3 d5 3. g3 c5 4. c3 cxd4 5. cxd4 Nc6 6. Bg2 e6 7. 0-0 Be7 8. Nc3 0-0 9. a3 Bd7 10. b4 a6 11. Bb2 Na7 12. Ne5 Nb5 13. Na4 Nd6 14. Nc5 Be8 15. Qb3 Bb5 16. Rfe1 b6 17. Ncd3 Bc4 18. Qa4 Qe8 19. Qxe8 Rfxe8 20. a4 Rec8 21. Rec1 Ra7 22. Bc3 Nd7 23. Nxc4 Nxc4 24. a5 b5 25. Nc5 Nxc5 26. dxc5 f5 27. Rd1 Kf7 28. Bd4 Bf6 29. e3 g5 30. Kf1 h5 31. Ke2 Rh8 32. h4 g4 33. Rab1 Rc7 34. Ba1 Rh7 35. Bd4 Kg6 36. Bxf6 Kxf6 37. Kd3 Rhd7 38. Kc3 Ke7 39. Bf1 Ne5 40. Bg2 Rc8 41. Rd4 Nc6 42. Rd2 Rdc7 43. Rbd1 Rf8 44. Kb3 Nb8 45. Rc1 Nd7 46. Kb2 Nf6 47. Rcd1 Rf7 48. Kb3 Rc8 49. Rc1 Rd8 50. Rcd1 Rdf8 51. Rc1 Kd7 52. Rc3 Kc6 53. Rc1 Ne4 54. Bxe4 fxe4 55. Rcc2 e5 56. Re2 Rf3 57. Kb2 Rd8 58. Rcd2 d4 59. exd4 Rxd4 60. Rxd4 exd4 61. Rxe4 Rxf2+ 62. Kb3 Kd5 63. Re8 Rf3+ 64. Kb2 Rxg3 65. Rd8+ Ke4 66. Re8+ Kd5 67. Rd8+ Ke4 68. Re8+ Kd3 69. Re5 Kc4 70. c6 Kxb4 71. Rd5 Rb3+ 72. Ka2 Rc3 73. Rxd4+ Kxa5 0-1

[Event "Niederoesterreich Landesliga 1617"]
[Site "Austria"]
[Date "2016.11.27"]
[Round "3.1"]
[White "Khalakhan, Jurij"]
[Black "Heimberger, Reinhard"]
[Result "0-1"]
[WhiteElo "2197"]
[BlackElo "2262"]
[PlyCount "40"]
[EventDate "2016.10.02"]
[EventType "team-tourn"]
[EventRounds "11"]
[EventCountry "AUT"]
[SourceTitle "EXT 2018"]
[Source "ChessBase"]
[SourceDate "2017.10.13"]
[SourceVersion "1"]
[SourceVersionDate "2017.10.13"]
[SourceQuality "1"]
[WhiteTeam "Litschau/Eisgarn"]
[BlackTeam "Boehlerwerk"]
[WhiteTeamCountry "AUT"]
[BlackTeamCountry "AUT"]

1. e4 c5 2. Nf3 d6 3. d4 cxd4 4. Nxd4 Nf6 5. Nc3 a6 6. Bc4 b5 7. Bb3 Bb7 8. Qe2 e6 9. a3 Nbd7 10. Ba2 Rc8 11. 0-0 Ne5 12. Kh1 Qb6 13. f4 Neg4 14. Nxe6 fxe6 15. Bxe6 Rxc3 16. bxc3 h5 17. Bf5 Qc6 18. Bg6+ Kd8 19. Re1 Nxe4 20. Be3 Nef2+ 0-1

[Event "AUT-chT2M 1516"]
[Site "Austria"]
[Date "2016.02.26"]
[Round "6.2"]
[White "Mostbauer, Maximilian"]
[Black "Heimberger, Reinhard"]
[Result "1/2-1/2"]
[WhiteElo "2126"]
[BlackElo "2268"]
[PlyCount "63"]
[EventDate "2015.10.02"]
[EventType "team-tourn"]
[EventRounds "11"]
[EventCountry "AUT"]
[SourceTitle "EXT 2017"]
[Source "ChessBase"]
[SourceDate "2016.10.25"]
[SourceVersion "1"]
[SourceVersionDate "2016.10.25"]
[SourceQuality "1"]
[WhiteTeam "Ansfelden"]
[BlackTeam "St Valentin"]
[WhiteTeamCountry "AUT"]
[BlackTeamCountry "AUT"]

1. d4 d5 2. Nf3 Nf6 3. c4 e6 4. Nc3 c6 5. Bg5 Be7 6. e3 0-0 7. Bd3 Nbd7 8. 0-0 h6 9. Bh4 dxc4 10. Bxc4 b5 11. Be2 a6 12. a3 c5 13. dxc5 Nxc5 14. Nd4 Bb7 15. Bf3 Qb6 16. b4 Ncd7 17. Bg3 Rac8 18. Qb3 Bxf3 19. Nxf3 Nh5 20. Ne2 Nxg3 21. Nxg3 Rc4 22. Rfd1 Qc7 23. Rxd7 Qxd7 24. Ne5 Qc7 25. Nxc4 bxc4 26. Qc2 c3 27. Rc1 Rc8 28. Ne4 a5 29. Qxc3 Qxc3 30. Rxc3 Rxc3 31. Nxc3 axb4 32. axb4 1/2-1/2

[Event "AUT-chT2M 1516"]
[Site "Austria"]
[Date "2015.10.04"]
[Round "3.2"]
[White "Aschenbrenner, Robert"]
[Black "Heimberger, Reinhard"]
[Result "1-0"]
[WhiteElo "2197"]
[BlackElo "2268"]
[PlyCount "85"]
[EventDate "2015.10.02"]
[EventType "team-tourn"]
[EventRounds "11"]
[EventCountry "AUT"]
[SourceTitle "CBM 168 Extra"]
[Source "ChessBase"]
[SourceDate "2015.10.29"]
[SourceVersion "1"]
[SourceVersionDate "2015.10.29"]
[SourceQuality "1"]
[WhiteTeam "Graz Austria"]
[BlackTeam "St Valentin"]
[WhiteTeamCountry "AUT"]
[BlackTeamCountry "AUT"]

1. d4 d5 2. c4 c6 3. Nf3 Nf6 4. Nc3 g6 5. Bf4 Bg7 6. e3 0-0 7. h3 a6 8. Qb3 dxc4 9. Bxc4 b5 10. Be2 Be6 11. Qc2 Nd5 12. Nxd5 cxd5 13. 0-0 Nd7 14. a4 bxa4 15. Rxa4 Qb6 16. Rfa1 Rfc8 17. Qd2 Bf5 18. Rxa6 Rxa6 19. Rxa6 Qb7 20. b4 Rc2 21. Qe1 Qc8 22. Ra1 f6 23. g4 Be4 24. Bg3 Rb2 25. Nd2 Bc2 26. b5 Nb6 27. Rc1 Qa8 28. Bc7 Qb7 29. Bxb6 Qxb6 30. Nc4 dxc4 31. Bxc4+ e6 32. Qc3 Rb1 33. Qxc2 Rxc1+ 34. Qxc1 Kf7 35. Qa3 Bf8 36. Qa6 Qd6 37. b6 Qb4 38. b7 Bd6 39. Qc6 Ke7 40. Bb5 Kf7 41. b8Q Qb1+ 42. Kg2 Bxb8 43. Qb7+ 1-0

[Event "AUT-chT2M 1516"]
[Site "Austria"]
[Date "2015.10.02"]
[Round "1.2"]
[White "Stagl, Marco"]
[Black "Heimberger, Reinhard"]
[Result "0-1"]
[WhiteElo "2074"]
[BlackElo "2268"]
[PlyCount "73"]
[EventDate "2015.10.02"]
[EventType "team-tourn"]
[EventRounds "11"]
[EventCountry "AUT"]
[SourceTitle "CBM 168 Extra"]
[Source "ChessBase"]
[SourceDate "2015.10.29"]
[SourceVersion "1"]
[SourceVersionDate "2015.10.29"]
[SourceQuality "1"]
[WhiteTeam "Wolfsberg"]
[BlackTeam "St Valentin"]
[WhiteTeamCountry "AUT"]
[BlackTeamCountry "AUT"]

1. d4 d5 2. Nf3 Nf6 3. c4 c6 4. e3 g6 5. Nc3 Bg7 6. Be2 0-0 7. 0-0 Nbd7 8. cxd5 Nxd5 9. e4 Nxc3 10. bxc3 e5 11. Be3 Qa5 12. Qc2 Re8 13. Rab1 Qc7 14. Nd2 Nf6 15. h3 b6 16. Bd3 Bb7 17. Rbe1 Nh5 18. g4 exd4 19. gxh5 dxe3 20. Rxe3 Bh6 21. f4 Bxf4 22. Ref3 g5 23. h6 Qd6 24. e5 Qxh6 25. Nc4 c5 26. Be4 Bxe4 27. Qxe4 Rad8 28. Qf5 Qe6 29. Qxe6 Rxe6 30. a4 Rd7 31. h4 h6 32. hxg5 hxg5 33. a5 Bxe5 34. axb6 axb6 35. Rb1 Bc7 36. Rf5 f6 37. Ne3 0-1

[Event "AUT-chT2M 1415"]
[Site "Austria"]
[Date "2015.02.27"]
[Round "6.3"]
[White "Rieger, Robert"]
[Black "Heimberger, Reinhard"]
[Result "1-0"]
[WhiteElo "2173"]
[BlackElo "2266"]
[PlyCount "77"]
[EventDate "2014.10.03"]
[EventType "team-tourn"]
[EventRounds "11"]
[EventCountry "AUT"]
[SourceTitle "EXT 2016"]
[Source "ChessBase"]
[SourceDate "2015.10.08"]
[SourceVersion "1"]
[SourceVersionDate "2015.10.08"]
[SourceQuality "1"]
[WhiteTeam "Maria Saal II"]
[BlackTeam "St Valentin"]
[WhiteTeamCountry "AUT"]
[BlackTeamCountry "AUT"]

1. e4 c5 2. Nf3 d6 3. d4 cxd4 4. Nxd4 Nf6 5. Nc3 a6 6. Be3 Ng4 7. Bc1 Nc6 8. f3 Qb6 9. Nd5 Qxd4 10. Qxd4 Nxd4 11. Nc7+ Kd8 12. Nxa8 Nxc2+ 13. Kd2 Nxa1 14. fxg4 g6 15. Be2 b5 16. Nb6 Be6 17. b3 Bg7 18. Nd5 Be5 19. Nb4 Kd7 20. Nd3 Nxb3+ 21. axb3 Bxb3 22. Nxe5+ dxe5 23. Bb2 Ke6 24. Rc1 Rd8+ 25. Ke3 Rd6 26. Ba3 Rb6 27. Rc3 Ba4 28. Bb4 Kd7 29. Rd3+ Ke8 30. g5 f5 31. gxf6 exf6 32. Bg4 Bc2 33. Bd7+ Kf7 34. Rc3 Bb1 35. Rc7 Kg7 36. Bc8+ Kh6 37. Bf8+ Kg5 38. Rxh7 f5 39. Be7+ 1-0

[Event "AUT-chT2M 1415"]
[Site "Austria"]
[Date "2014.11.16"]
[Round "5.1"]
[White "Heimberger, Reinhard"]
[Black "Knoll, Hermann"]
[Result "1-0"]
[WhiteElo "2266"]
[BlackElo "2307"]
[PlyCount "131"]
[EventDate "2014.10.03"]
[EventType "team-tourn"]
[EventRounds "11"]
[EventCountry "AUT"]
[SourceTitle "CBM 163 Extra"]
[Source "ChessBase"]
[SourceDate "2014.12.23"]
[SourceVersion "1"]
[SourceVersionDate "2014.12.23"]
[SourceQuality "1"]
[WhiteTeam "St Valentin"]
[BlackTeam "Ansfelden"]
[WhiteTeamCountry "AUT"]
[BlackTeamCountry "AUT"]

1. c4 e5 2. Nc3 Nf6 3. e4 Nc6 4. g3 Bc5 5. Bg2 h6 6. Nf3 d6 7. 0-0 a6 8. h3 Nh7 9. Kh2 Ng5 10. Ng1 Ne6 11. f4 Ned4 12. d3 Be6 13. f5 Bd7 14. Nd5 Ba7 15. Be3 f6 16. Rc1 Kf8 17. b4 Ne7 18. Bxd4 Bxd4 19. Nf3 Nxd5 20. cxd5 Bb6 21. Nh4 Be8 22. a4 Be3 23. Rc4 b5 24. axb5 axb5 25. Rc2 Bb6 26. Bf3 h5 27. Qe2 Ra4 28. Rb1 Qa8 29. Rbb2 Ke7 30. Ng6+ Bxg6 31. fxg6 h4 32. gxh4 Rxh4 33. Bg4 f5 34. Bxf5 Rf4 35. Qh5 Qf8 36. Rc6 Qf6 37. Rbc2 Ra7 38. Qh8 Qf8 39. Qh7 Qf6 40. Qg8 Rf2+ 41. Rxf2 Bxf2 42. Rc2 Bb6 43. Qc8 Ra1 44. Qd7+ Kf8 45. Qc8+ Ke7 46. Rg2 Ra3 47. Rg4 Rxd3 48. Qd7+ Kf8 49. Qxb5 Rd2+ 50. Kg3 Qd8 51. Qc6 Ra2 52. h4 Bf2+ 53. Kh3 Bxh4 54. Rxh4 Rh2+ 55. Kxh2 Qxh4+ 56. Kg2 Qg5+ 57. Kf3 Qd2 58. Qc4 Qd1+ 59. Qe2 Qb3+ 60. Kg4 Qb1 61. Qf2 Ke7 62. b5 Qd1+ 63. Kh4 Qh1+ 64. Kg3 Qh5 65. Bg4 Qxg6 66. Qf5 1-0